000 00413nam a2200145Ia 4500
008 100122s9999 xx 000 0 und d
082 _b40860
_a822.09
100 _aकानडे मु श्री
245 _aनाटय शोध
260 _bनीहारा प्रकाशन
_c1987
300 _a191
630 _aनाटय शोध
730 _aनाटय शोध
942 _cBOOK
999 _c421660
_d421657